KOHA-Header-6

Sapiens: A Brief History of Humankind (Record no. 13918)

000 -LEADER
fixed length control field 00276nam a22001217a 4500
020 ## - INTERNATIONAL STANDARD BOOK NUMBER
ISBN 9780099590088
082 ## - DEWEY DECIMAL CLASSIFICATION NUMBER
Classification number 908
100 ## - MAIN ENTRY--AUTHOR NAME
Personal name Yuval Noah Harari
245 ## - TITLE STATEMENT
Title Sapiens: A Brief History of Humankind
260 ## - PUBLICATION, DISTRIBUTION, ETC. (IMPRINT)
Place of publication London
Name of publisher Vintage
Year of publication 2014
300 ## - PHYSICAL DESCRIPTION
Number of Pages 498 pages
942 ## - ADDED ENTRY ELEMENTS (KOHA)
Koha item type Books
Holdings
Withdrawn status Lost status Collection code Permanent Location Current Location Shelving location Date acquired Full call number Accession Number Koha item type
    English Literature MAJU MAJU Shelf No.A14 2024-05-21 908 11010 Books

Powered by Koha